[Event "CAMPEONATO DE EUSKADI JUVENIL / EIBAR -2019"]
[Site "CENTRO UNIVERSITARIO DE EIBAR"]
[Date "2019.04.27"]
[Round "7"]
[Board "3"]
[White "Toledo Sanz, Imanol"]
[Black "Tafall Villanueva, Ander"]
[Result "1-0"]
[WhiteElo "2142"]
[BlackElo "1954"]
[PlyCount "83"]
[EventDate "2019.04.23"]
[EventRounds "7"]
[EventCountry "ESP"]

1. e4 e5 2. Nf3 Nc6 3. Bc4 Nf6 4. d3 Bc5 5. c3 d6 6. O-O Bg4 7. Nbd2 O-O 8. h3
Bd7 9. Re1 Bb6 10. Bb3 a6 11. Nf1 Ne7 12. Ng3 Ng6 13. Bg5 Ba7 14. d4 h6 15. Bd2
Re8 16. Qc1 Be6 17. Bc2 Kh7 18. Nf5 Ng8 19. g4 f6 20. d5 Bxf5 21. exf5 N6e7 22.
Be4 c6 23. c4 Rc8 24. Qd1 cxd5 25. cxd5 Qd7 26. a4 g6 27. fxg6+ Nxg6 28. Nh4
N8e7 29. Qb1 Rg8 30. Nxg6 Nxg6 31. Bf5 Qg7 32. Bxc8 Rxc8 33. a5 Bd4 34. Qf5 Rd8
35. Rac1 Kh8 36. Bxh6 Qf7 37. Qe6 Qxe6 38. dxe6 Bxb2 39. Rc7 Re8 40. Rb1 Bd4
41. Rbxb7 Nf4 42. Rh7+  1-0

[Event "CAMPEONATO DE EUSKADI JUVENIL / EIBAR -2019"]
[Site "CENTRO UNIVERSITARIO DE EIBAR"]
[Date "2019.04.27"]
[Round "7"]
[Board "4"]
[White "Malon Insausti, Andres"]
[Black "Martin Ibisate, Xabier"]
[Result "1-0"]
[WhiteElo "1854"]
[BlackElo "1833"]
[PlyCount "89"]
[EventDate "2019.04.23"]
[EventRounds "7"]
[EventCountry "ESP"]

1. Nf3 d5 2. c4 d4 3. b4 a5 4. b5 c5 5. e3 g6 6. exd4 cxd4 7. d3 Bg4 8. h3 Bxf3
9. Qxf3 Qc7 10. g3 Nd7 11. Bg2 Rb8 12. O-O Bg7 13. Re1 Ngf6 14. Bb2 Qd6 15. Ba3
Nc5 16. Nd2 O-O 17. Nb3 b6 18. Bxc5 bxc5 19. Nxa5 e5 20. Nc6 Rbe8 21. Qd1 Nd7
22. a4 f5 23. Ra2 e4 24. dxe4 f4 25. g4 f3 26. Bxf3 Qf4 27. Bg2 Ne5 28. Nxe5
Bxe5 29. Qd3 Qh2+ 30. Kf1 Bg3 31. Ree2 h5 32. e5 Kg7 33. gxh5 gxh5 34. a5 Re6
35. a6 Rg6 36. Qe4 Rf4 37. Qd5 d3 38. Red2 Rd4 39. Qb7+ Kh6 40. fxg3 Qxg3 41.
a7 Rxc4 42. Qf3 Rc1+ 43. Rd1 Rxd1+ 44. Qxd1 Qf4+ 45. Rf2  1-0

[Event "CAMPEONATO DE EUSKADI JUVENIL / EIBAR -2019"]
[Site "CENTRO UNIVERSITARIO DE EIBAR"]
[Date "2019.04.27"]
[Round "7"]
[Board "5"]
[White "Berasategui Morillo, Alberto"]
[Black "Zoco Gallardo, Ignacio"]
[Result "1/2-1/2"]
[WhiteElo "1646"]
[BlackElo "1771"]
[PlyCount "66"]
[EventDate "2019.04.23"]
[EventRounds "7"]
[EventCountry "ESP"]

1. e3 Nf6 2. Nf3 e6 3. d4 b6 4. c4 Bb7 5. Be2 Ne4 6. O-O d6 7. Nbd2 Nxd2 8.
Bxd2 Nd7 9. Bc3 Nf6 10. Nd2 Be7 11. Bf3 Bxf3 12. Qxf3 O-O 13. b3 c5 14. Rfd1
cxd4 15. exd4 d5 16. Bb2 Rc8 17. Rac1 $11 Qd7 18. Nf1 dxc4 19. bxc4 b5 20. c5
Nd5 21. Ne3 Rfd8 22. Qe2 g6 23. Nxd5 Qxd5 24. g3 a6 25. Bc3 Bf6 26. f4 Qc6 27.
Kf1 Qh1+ 28. Kf2 Qxh2+ 29. Kf3 Qxe2+ 30. Kxe2 Rd5 31. Ke3 h5 32. a4 bxa4 33.
Ra1 Rc6  1/2-1/2

[Event "CAMPEONATO DE EUSKADI JUVENIL / EIBAR -2019"]
[Site "CENTRO UNIVERSITARIO DE EIBAR"]
[Date "2019.04.27"]
[Round "7"]
[Board "6"]
[White "Pomares Munoz, Ruben"]
[Black "Ruiz Bonito, Imanol"]
[Result "1-0"]
[WhiteElo "1662"]
[BlackElo "1202"]
[PlyCount "107"]
[EventDate "2019.04.23"]
[EventRounds "7"]
[EventCountry "ESP"]

1. e4 g6 2. d4 e6 3. Nc3 Bg7 4. Be3 Ne7 5. Qd2 d6 6. f3 Nd7 7. Bc4 b6 8. Nge2
Bb7 9. O-O-O a6 10. Bh6 O-O 11. Bxg7 Kxg7 12. h4 h6 13. h5 g5 14. f4 f6 15.
Bxe6 c5 16. d5 b5 17. Ng3 b4 18. Nce2 Bc8 19. Nf5+ Nxf5 20. Bxf5 Nb6 21. Bxc8
Qxc8 22. fxg5 fxg5 23. Qd3 Nd7 24. Ng3 Ne5 25. Qe2 a5 26. Rhf1 Rxf1 27. Rxf1
Qg4 28. Qxg4 Nxg4 29. Nf5+ Kg8 30. Nxd6 Ne3 31. Rf2 Rf8 32. Rxf8+ Kxf8 33. g3
Nf1 34. Nf5 Ke8 35. Kd1 Nh2 36. Nxh6 Nf3 37. Nf5 Ne5 38. h6 Ng6 39. Ke2 c4 40.
Ke3 g4 41. Kd4 Kd7 42. Kxc4 Kc7 43. Kd4 Kd7 44. c3 bxc3 45. bxc3 Kc7 46. c4 Kd7
47. c5 Kc7 48. e5 Kd7 49. e6+ Kc8 50. d6 Kd8 51. h7 Kc8 52. Kd5 a4 53. e7 Kd7
54. c6+  1-0

[Event "CAMPEONATO DE EUSKADI JUVENIL / EIBAR -2019"]
[Site "CENTRO UNIVERSITARIO DE EIBAR"]
[Date "2019.04.27"]
[Round "7"]
[Board "7"]
[White "Apellaniz Perez, Estibaliz"]
[Black "Palomo Tamayo, Jose Maria"]
[Result "1-0"]
[WhiteElo "1359"]
[BlackElo "1369"]
[PlyCount "33"]
[EventDate "2019.04.23"]
[EventRounds "7"]
[EventCountry "ESP"]

1. Nf3 Nc6 2. d4 d5 3. c4 e6 4. Bg5 Nge7 5. e3 b6 6. cxd5 Qxd5 7. Nc3 Qa5 8.
Bb5 Ba6 9. Qa4 Bxb5 10. Qxb5 Qxb5 11. Nxb5 Kd7 12. e4 Ng6 13. O-O Rb8 14. a4 a6
15. d5 axb5 16. dxc6+ Kxc6 17. Rac1+  1-0

[Event "CAMPEONATO DE EUSKADI JUVENIL / EIBAR -2019"]
[Site "CENTRO UNIVERSITARIO DE EIBAR"]
[Date "2019.04.27"]
[Round "7"]
[Board "8"]
[White "Duo Iruretagoyena, Aitor"]
[Black "Nichei, Anatoli"]
[Result "1-0"]
[WhiteElo "1507"]
[BlackElo "1463"]
[PlyCount "79"]
[EventDate "2019.04.23"]
[EventRounds "7"]
[EventCountry "ESP"]

1. Nf3 d5 2. c4 e6 3. e3 f5 4. b3 Nf6 5. Bb2 Bd6 6. Be2 Nbd7 7. O-O c6 8. Qc2
O-O 9. d3 Qc7 10. h3 Ne5 11. Nbd2 Nxf3+ 12. Nxf3 e5 13. cxd5 Nxd5 14. e4 Nf4
15. Rfd1 Rf6 16. Ng5 Rg6 17. Qc4+ Ne6 18. exf5 Rxg5 19. fxe6 Be7 20. Bg4 h5 21.
Bf3 Qd6 22. Qe4 Bxe6 23. Re1 Bd5 24. Qe2 Bxf3 25. Qxf3 Bf6 26. Qe4 Qd5 27. Rad1
Qxe4 28. dxe4 Rb8 29. Rd7 Kf8 30. Red1 Be7 31. h4 Rg6 32. Bxe5 Ra8 33. Rxb7 Re6
34. f4 Rd8 35. Rxd8+ Bxd8 36. Bxg7+ Ke8 37. Be5 Kf8 38. g3 Ke8 39. Kg2 Bb6 40.
Rh7  1-0